Robot určený pre masážne účely
Na minha lista:
| Autor principal: | |
|---|---|
| Outros Autores: | |
| Formato: | Manuscrito Livro |
| Idioma: | eslovaco |
| Publicado em: |
Bratislava :
STU v Bratislave FEI,
2024
|
| Assuntos: | |
| Acesso em linha: | https://opac.crzp.sk/?fn=detailBiblioFormChildG1HTSI&sid=A6A9937D4AB687F473CB88A9E4AF&seo=CRZP-detail-kniha |
| Tags: |
Sem tags, seja o primeiro a adicionar uma tag!
|
MARC
| LEADER | 00000ntm a22000003a 4500 | ||
|---|---|---|---|
| 001 | stuzp96467 | ||
| 003 | SK-STU | ||
| 005 | 20250401134826.9 | ||
| 007 | ta | ||
| 008 | 150427s2015----xo-----f-mn---000-0-slo-d | ||
| 040 | |a STU |b slo | ||
| 041 | 0 | |a slo | |
| 044 | |a xo | ||
| 100 | 1 | |a Práznovský, Denis |u 031000 |4 aut |U FEI Fakulta elektrotechniky a informatiky |T FEI Ústav robotiky a kybernetiky |X 115021 |U E011 |Y 356 |7 115021 | |
| 242 | 0 | 1 | |a Robot Designed for Massage Purposes |y eng |
| 245 | 1 | 0 | |a Robot určený pre masážne účely |
| 260 | |a Bratislava : |b STU v Bratislave FEI, |c 2024 | ||
| 300 | |a 86 s. | ||
| 650 | 4 | |a robotická aplikácia |2 slo | |
| 650 | 4 | |a silovo-poddajný robot |2 slo | |
| 650 | 4 | |a reflexná masáž |2 slo | |
| 650 | 4 | |a reflexology massage |2 eng | |
| 650 | 4 | |a robotic application |2 eng | |
| 650 | 4 | |a collaborative robot |2 eng | |
| 700 | 1 | |a Chovanec, Ľuboš |u 031000 |k Z1 |4 ths |U FEI Fakulta elektrotechniky a informatiky |T FEI Ústav robotiky a kybernetiky |X 16076 |U E011 |Y 356 |7 A000016076 | |
| 856 | 4 | |u https://opac.crzp.sk/?fn=detailBiblioFormChildG1HTSI&sid=A6A9937D4AB687F473CB88A9E4AF&seo=CRZP-detail-kniha | |